Wine Regions of Piedmont, Italy (typing) - Statistics

General Stats
  • This quiz has been taken 158 times
  • The average score is 5 of 6
Answers on the Map
Answers color-coded by a green-red scale on the quiz's map according to % correct below.
 
Answer Stats
Answer % Correct
Barolo
100%
Barbaresco
91%
Asti
75%
Barbera d'Asti
69%
Gavi
64%
Dolcetto d'Alba
60%
No matching quizzes found
Score Distribution
Percent of People with Each Score
Percentile by Number Answered
Your Score History
You have not taken this quiz